000 01706cam a22003737a 4500
003 CHAP
005 20220329134925.0
008 971013s1980 r 00010 d
010 _a28144
011 _a29116
035 _a33227
040 _cCHAP
090 _aFolleto 11414
110 _aConsejo Internacional para Investigación en Agrosilvicultura
_927292
245 0 _aMethodology for the exploration and assessment of multipurpose tree (MPT's)
260 _aNairobi :
_bEl Consejo,
_c1980?
300 _av.
500 _aconsiderations. -- v.6 pte. B. Understanding agroforestry systems
500 _aLa biblioteca tiene: v.1 pte. A List of Parts and contents/Synopsis. -- v.1 B. Introduction and general considerations. -- v.2 pte. A. Methodology for the exploration and collection of MPT's -- v.2 pte. C. Root nodules of leguminous tress. -- v.2 pte. C
500 _av.4. pte. A. Introduction (Plus supplement on PMT mixed cropping trials). -- v.4 pte. B. The problems of Choosing appropriate species/proverances. -- v.4 pte. E. Plant Spacing. -- v.4 pte. G. Statistical tools for agroforestry research. -- v.5 pte. A. T
590 _aBATCH-UPD
_b10
_c20130110
_lUCH01
_h0151
590 _aBATCH-UPD
_b10
_c20130110
_lUCH01
_h1240
590 _aBATCH-UPD
_b10
_c20130410
_lUCH01
_h0807
590 _aBATCH-UPD
_b10
_c20130913
_lUCH01
_h2205
590 _aCONVERSION
_b10
_c20130109
_lUCH01
_h1316
650 1 4 _aAgroforestería.
_92156
650 1 4 _aÁrboles
_xEspaciamiento.
_96598
650 1 4 _aLeguminosas.
_965807
650 1 4 _aMicorriza.
_975486
650 1 4 _aNitrógeno
_xFijación.
_981472
901 _aBK
942 _cFOLL
949 _aFolleto 11414
_bBC
_cFOLL
_d-77328
_eTS1
_i33227
_si
999 _c28144
_d28144